02184 a2200217 45000010006000000050017000060080041000230030015000640400040000790800158001192450085002772640041003623000019004035051342004220410008017649420007017725900036017791000029018159990015018449520107018595430820260407155814.0260407a1990 arg spa dAR-UNSa-BCEJYS aAR-UNSa-BCEJYSbspacAR-UNSa-BCEJYS a339.18xAspectos económicos del comercio. Términos y condiciones de los negocios. Formas de intercambio y distribución de productos (Franquicia...)10aFactoring y franchisingpnuevas técnicas de dominio de los mercados exteriores 1aMadrid :bEdiciones Pirámidec1990 a263 p.c22 cm. a1. Los orígenes comerciales del factoring - 2. La moderna técnica del factoring - 3. El factoring para la empresa en un entorno internacional - 4. Sistemas de factoring - 5. Los costos de la utilizacioón del factoring - 6. Panorama internacional del factoring - 7. Panorama del factoring en España - 8. Semejanzas del factoring con el franchising - 9. El poder de atracción de la franquicia - 10. Razones de su éxito en el comercio - 11. Las grandes mutuaciones modernas en el comercio - 12. Evolución en los establecimientos comerciales de la inversión y tamaños óptimos - 13. Lugar de la franquicia en el espectro comercial - 14. Ciclos de vida y franquicia - 15. La alternativa en un escenario altamente competitivo - 16. Los atractivos y problemas de una cadena de franquicia - 17. La estrategia global - 18. La implantación de establecimientos. Equipamientos y técnicas avanzadas - 19. La franquicia de exportación. Una técnica para invadir mercados - 20. El contrato internacional de franquicia - 21. Panorama sectorial de la franquicia en el mundo - 22. La franquicia en el sector alimentario - 23. El fast food y la restauración rápida en franquicia - 24. La franquicia internacional en el sector equipamiento personal y moda - 25. La franquicia en España - 26. La franquicia sin fronteras  aspa cBK aniveau_biblio:m niveau_hierar:01 aBescós Torres, Modesto c5477d5477 00104070aBCEJYSbBCEJYSc16d2026-04-07l0o339.18 B554pL53854r2026-04-07 15:58:14w2026-04-07yL